000 00865nam a22002417a 4500
003 dpl0
005 20180717125206.0
008 080708t xxu||||| |||| 00| 0 eng d
010 _aENG-90477
020 _a8131304150
_c395.00
035 _aEN-74010,B-223590
037 _bDBAD / PUB
040 _aDPL
_bEN
_c0
082 _a574.87
100 _aPatil, C. S.
245 _aCell biology :
_cby C.S. Patil, Prabhu M. Biradar [and] Ajit K. Gangawane
_b[useful for students of undergraduates and post graduates in life sciences of all the universities of India]
260 _aNew Delhi
_bAPH Publishing Corporation
_c2008
270 _a4435-36/7, Ansari Raod, Darya Ganj,
_bNew Delhi
_e110002
300 _axvi, 184p.:
_bill
_c23 cm (Hb)
700 _aPrabhu M. Biradar
700 _aGangawane, Ajit K.
942 _2ddc
_cEN
_h574.87
_m PAT
999 _c14265
_d14265